Rozpoznávanie prstovej abecedy

Saved in:
Bibliographic Details
Main Author: Puterka, Boris (Author)
Other Authors: Polec, Jaroslav (Thesis advisor)
Format: Manuscript Book
Language:Slovak
Published: 2017
Subjects:
Online Access:http://is.stuba.sk/zp/portal_zp.pl?podrobnosti=127497
Tags: Add Tag
No Tags, Be the first to tag this record!

MARC

LEADER 00000ntm a22000003a 4500
001 stuzp60578
003 SK-STU
005 20170703140657.7
007 ta
008 150427s2015----xo-----f-mn---000-0-slo-d
040 |a STU  |b slo 
041 0 |a slo 
044 |a xo 
100 1 |a Puterka, Boris  |u 037000  |4 aut  |U FEI Fakulta elektrotechniky a informatiky  |T FEI Ústav multimediálnych informačných a komunikačných technológií  |X 54254  |U E070  |Y 818  |7 54254 
242 0 1 |a Recognition of manual alphabet  |y eng 
245 1 0 |a Rozpoznávanie prstovej abecedy 
260 |c 2017 
300 |a 72 s. 
650 4 |a Detekcia hrán v obraze  |2 slo 
650 4 |a Gábor  |2 slo 
650 4 |a korelácia  |2 slo 
650 4 |a detekcia ruky  |2 slo 
650 4 |a prstová abeceda  |2 slo 
650 4 |a manual alpabet  |2 eng 
650 4 |a Edge detection  |2 eng 
650 4 |a Gabor  |2 eng 
650 4 |a correlation  |2 eng 
650 4 |a hand detection  |2 eng 
700 1 |a Polec, Jaroslav  |u 037000  |k Z1  |4 ths  |U FEI Fakulta elektrotechniky a informatiky  |T FEI Ústav multimediálnych informačných a komunikačných technológií  |X 2004  |U E070  |Y 818  |7 A000002004 
856 4 |u http://is.stuba.sk/zp/portal_zp.pl?podrobnosti=127497 
996 |b 284EP11762  |c E*DIPL- 11762  |l EE37  |s P  |a 0  |w stuzp60578_0001